000 00590nam a2200205Ia 4500
005 20260429112016.0
008 260429s9999||||xx |||||||||||||| ||und||
020 _a9781032756189
041 _aEnglish
082 _a372.21
_bGAR
100 _aGary, Dia
245 0 _aFundamentals of early childhood assessment :
_bdata, documentation, and delivery /
_cDia Gary
250 _a1st ed.
260 _aNew Delhi :
_bRoutledge,
_c2025.
300 _a133 p.; pbk
650 _a Child assessment
650 _a Educational psychology
650 _aEarly childhood education
942 _cTB
999 _c51863
_d51863